01562 2200277 4500001002100000005001500021035002000036007000300056008004100059020002200100082001300122084002200135245006000157250003900217300004100256650002400297650001800321520076300339264004501102336002101147337003001168338002301198100003101221990001601252990001601268INLIS00000000116426020240808032941 a0010-0824000082ta240808 g 0 ind  a978-623-7453-70-3 a910.2598 aSR 910.2598 NUR m1 aMenjelajahi wisata di Jakarta Pusat /cM. Nur Shofyanto aEdisi pertama, Cetakan kedua, 2023 aiv, 58 halaman :bilustrasi ;c28 cm 4aIndustri pariwisata 4aJakarta Pusat aJakarta Pusat merupakan salah satu Kota Administrasi yang ada di Provinsi DKI Jakarta. Jakarta Pusat adalah sebuah kota yang padat penduduk dan memiliki banyak gedung-gedung pencakar langit serta perumahan yang padat dan bertebaran. Kondisi tersebut berdampak pada suasana di Jakarta yang cenderung panas serta banyak polusi yang berasal dari kendaraan maupun pabrik-pabrik. Meskipun begitu kondisi Jakarta Pusat tersebut tidak menyurutkan minat wisatawan untuk datang ke kota ini. Sebab di Jakarta Pusat terdapat beragam pilihan tempat wisata yang menarik untuk dikunjungi. Tempat wisata di Jakarta Pusat tersebut juga didukung oleh infrastruktur yang sudah maju dan modern sehingga memudahkan akses wisatawan untuk menuju tempat wisata yang diinginkan. aDepok :bGraha Khalifah Mediatama,c2023 2rdacontentateks 2rdamediaatanpa perantara 2rdacarrieravolume1 aNur Shofyanto, M.epenulis a53858.66678 a53859.66679